Prvú stavbu programu ISPA začali železnice
ISPA, predvstupový fond pre dopravu a životné prostredie, má na slovenské projekty z oblasti dopravy vyčlenených 157 miliónov eur. V súčasnosti Slovensko čerpá zdroje z predvstupových fondov Phare, ISPA a SAPARD. Prvý projekt ISPA sa už realizuje. Ďalšia žiadosť železníc o prostriedky z fondu ISPA n...
Salvato in:
| Autore principale: | |
|---|---|
| Natura: | Capitolo di libro |
| Lingua: | slovacco |
| Soggetti: | |
| Tags: |
Nessun Tag, puoi essere il primo ad aggiungerne!!
|
MARC
| LEADER | 00000naa a2200000 4500 | ||
|---|---|---|---|
| 001 | r045607 | ||
| 005 | 20230921114118.7 | ||
| 041 | 0 | |a slo | |
| 044 | |a SK | ||
| 245 | 1 | 0 | |a Prvú stavbu programu ISPA začali železnice |c Daniela Zverková |
| 520 | |a ISPA, predvstupový fond pre dopravu a životné prostredie, má na slovenské projekty z oblasti dopravy vyčlenených 157 miliónov eur. V súčasnosti Slovensko čerpá zdroje z predvstupových fondov Phare, ISPA a SAPARD. Prvý projekt ISPA sa už realizuje. Ďalšia žiadosť železníc o prostriedky z fondu ISPA na realizáciu ďalších projektov. | ||
| 610 | 2 | 0 | |a doprava železničná |
| 610 | 2 | 0 | |a železnice |
| 610 | 2 | 0 | |a fondy finančné |
| 610 | 2 | 0 | |a Európska únia |
| 610 | 2 | 0 | |a pomoc finančná |
| 610 | 2 | 0 | |a Slovensko |
| 610 | 2 | 0 | |a ISPA |
| 100 | 1 | |a Zverková, Daniela | |